000 00540nam a2200181Ia 4500
008 090124s9999 xx 000 0 und d
082 _b32035
100 _aकर्णिक म. म.
245 _a स्वर अमृताचा
250 _a0
260 _bदिलीप प्रकाशन
_c1994
300 _a176
600 _aकर्णिक म. म.
630 _a स्वर अमृताचा
700 _aकर्णिक म. म.
730 _a स्वर अमृताचा
942 _cBOOK
999 _c98159
_d98159